MARVEL Movies By Actors - Statistics

General Stats
  • This quiz has been taken 110 times
  • The average score is 12 of 15
Answer Stats
Hint Answer % Correct
Robert Downey Jr.,Jeff Bridges Iron Man
98%
Chadwick Boseman,Michael B. Jordan Black Panther
95%
Kirsten Dunst,James Franco,Willem DaFoe Spider-Man
95%
Alfred Molina,Tobey Macguire,Kirsten Dunst Spider-Man 2
95%
Paul Rudd,Michael Pena,Corey Stoll Ant-Man
93%
Chris Evans,Jeremy Renner,Tom Hiddleston The Avengers
91%
Hugh Jackman,James Marsden,Ray Park X-Men
91%
Chris Pratt,Lee Pace,Michael Rooker Guardians Of The Galaxy
89%
Natalie Portman,Anthony Hopkins Thor
88%
Josh Brolin,Gina Carino Deadpool 2
82%
Jessica Alba,Chris Evans Fantastic Four
77%
Ben Afflek,Jennifer Garner Daredevil
61%
Wesley Snipes,Ryan Reynolds Blade: Trinity
51%
Robert Redford,Sebastian Stan,Frank Grillo Captain America:The Winter Soldier
51%
Oscar Issac,Sophie Turner,Michael Fassbender X-Men:Apocalypse
47%
No matching quizzes found
Score Distribution
Percent of People with Each Score
Percentile by Number Answered
Your Score History
You have not taken this quiz